| 000 | 00461nam a22001577a 4500 | ||
|---|---|---|---|
| 005 | 20231114104923.0 | ||
| 008 | 231114b |||||||| |||| 00| 0 eng d | ||
| 041 | _aEnglish | ||
| 082 | _a344.5 USE | ||
| 100 |
_aPistorius, T _lEnglish |
||
| 245 |
_aUse of Electronic Transactions and Communications Bill / _cT Pistorius |
||
| 260 | _c2005 | ||
| 300 |
_b32 pages ; _c30 cm. |
||
| 650 |
_aLegal practice _bLaw |
||
| 942 |
_cBK _6ALISON_BN_VRIES |
||
| 999 |
_c625 _d625 |
||